Only 5 Girls Named 2015 by Any 3 Letters (part 4) Quiz Stats

 Plays Quiz not verified by Sporcle

Score 0/300 Timer 15:00
0 Plays Today
Name % Correct
Io
100%
Hellena
94.9%
Giovannina
94.9%
Janaila
94.7%
Jaiannah
94.7%
Gelina
94.7%
Jannell
94.4%
Guillermina
94.4%
Farina
94.4%
Jayanni
94.1%
Heliana
94.1%
Gracelinn
94.1%
Gianne
94.1%
Janicia
93.9%
Hannaleigh
93.9%
Ginelle
93.9%
Jahari
93.6%
Jadeline
93.4%
Jaycelynn
93.1%
Jannay
93.1%
Janisa
93.1%
Jalayiah
93.1%
Gianah
93.1%
Fermina
93.1%
Janari
92.8%
Jalanie
92.8%
Jalaila
92.8%
Harminnie
92.8%
Hannan
92.8%
Gracella
92.8%
Janaki
92.6%
Janaeh
92.6%
Jasabelle
92.3%
Janeva
92.3%
Janais
92.3%
Jamella
92.3%
Jamariyah
92.3%
Harleequinn
92.3%
Graycelyn
92.3%
Gracemarie
92.3%
Giyanna
92.3%
Franny
92.3%
Jarelly
92%
Ishara
92%
Hanifah
92%
Giulliana
92%
Jaydaliz
91.8%
Jarieliz
91.8%
Jarielis
91.8%
Hollyann
91.8%
Helyn
91.8%
Gella
91.8%
Georgeanna
91.5%
Jalin
91.2%
Jaelyne
91.2%
Guliana
91.2%
Geselle
91.2%
Gabryelle
91.2%
Jasmarie
91%
Jadalise
91%
Helia
91%
Heartlyn
91%
Havanah
91%
Giamarie
91%
Janiyha
90.7%
Jani
90.7%
Jalexia
90.7%
Jalasia
90.7%
Jacqulyn
90.7%
Hilinai
90.7%
Hayleen
90.7%
Jaydy
90.4%
Jayd
90.4%
Jaycii
90.4%
Jalexi
90.4%
Jaleea
90.4%
Jaklynn
90.4%
Irielle
90.4%
Harlequinn
90.4%
Haila
90.4%
Greylin
90.4%
Finau
90.4%
Fina
90.4%
Javana
90.2%
Jarelin
90.2%
Hinako
90.2%
Haviland
90.2%
Heilyn
89.9%
Jamaiya
89.6%
Hina
89.6%
Hayliee
89.6%
Harlen
89.6%
Jalei
89.4%
Hayzlie
89.4%
Jaseena
89.1%
Felisha
89.1%
Jaria
88.8%
Jakylee
88.6%
Jakeira
88%
Hanin
88%
Name % Correct
Galiyah
88%
Jaazaniah
87.8%
Henzlee
87.5%
Hazlyn
87.5%
Ivannia
87.2%
Jakara
87%
Jakaiya
87%
Hollan
87%
Jaise
86.7%
Jamai
86.4%
Harman
86.4%
Harlequin
86.4%
Faelan
86.4%
Harvin
86.2%
Franey
86.2%
Jaryia
85.9%
Hermila
85.9%
Hart
85.9%
Haeley
85.9%
Jarrah
85.6%
Jamesa
85.6%
Ileene
85.6%
Ilanie
85.6%
Harumi
85.6%
Hanvitha
85.6%
Javonni
85.4%
Jakhia
85.4%
Jaicey
85.1%
Gamila
85.1%
Jaedin
84.8%
Jakyrah
84.6%
Iyanni
84.6%
Evnika
84.6%
Gyanna
84%
Gradie
84%
Jaiel
83.8%
Frayda
83.2%
Francely
83%
Jadis
82.7%
Isamary
82.7%
Ezinne
82.7%
Evynne
82.7%
Jaqlyn
82.4%
Jakaia
82.4%
Greenly
82.4%
Hayam
82.2%
Israelle
81.9%
Ilynn
81.9%
Genasis
81.9%
Jakenya
81.6%
Haidi
81.6%
Franceska
81.6%
Jacksyn
81.4%
Ilan
81.4%
Gricelda
81.4%
Franziska
81.4%
Finnly
81.4%
Iselin
81.1%
Havynn
81.1%
Hayde
80.9%
France
80.9%
Farris
80.9%
Jady
80.3%
Ingris
80.3%
Giahna
80.1%
Gatlin
79.5%
Fran
79.5%
Italee
79.3%
Hadden
79%
Javia
78.7%
Ivyann
78.7%
Ileigh
78.7%
Ilayna
78.5%
Greicy
77.9%
Gionni
77.9%
Fira
77.9%
Falak
77.9%
Gwenevieve
77.7%
Greisy
77.7%
Fergie
77.4%
Italie
77.1%
Gethsemani
76.9%
Freidy
76.9%
Florance
76.9%
Geraldyn
76.3%
Jaasia
76.1%
Haddasah
75.8%
Javae
75.5%
Intisar
74.7%
Hagar
74.5%
Federica
74.5%
Hindel
74.2%
Fairy
74.2%
Hameedah
73.7%
Faeryn
73.7%
Gwenna
73.4%
Ezara
73.4%
Indeya
73.1%
Idalis
73.1%
Jansen
72.3%
Name % Correct
Jaasritha
72.3%
Heavenli
72.3%
Genysis
72.1%
Japneet
71.8%
Jahnyla
71.5%
Imane
71.5%
Iliya
71.5%
Gunnar
71.5%
Garner
71.5%
Fadima
71.5%
Hadija
71.3%
Faige
71.3%
Fynlie
71%
Hazelrose
70.5%
Hadil
70.5%
Haani
70.5%
Itzamaray
70.2%
Evora
69.9%
Insiyah
69.7%
Fridda
69.7%
Evoleth
69.4%
Indika
69.1%
Hynleigh
68.6%
Ismari
67.6%
Fatoumatta
67.6%
Faatima
67.6%
Iyari
67%
Gurseerat
67%
Hadja
66.2%
Fynley
66.2%
Izara
66%
Iraj
65.7%
Ifunanya
65.7%
Heeya
65.2%
Independence
64.1%
Ezrie
63.8%
Faaizah
63.3%
Evon
63%
Gavin
62.8%
Jaoni
62%
Feige
62%
Faora
62%
Hessa
61.7%
Gwenn
61.7%
Forest
61.4%
Fate
61.4%
Heysel
60.9%
Fayrouz
60.6%
Fiamma
60.1%
Itzamar
59.8%
Ireri
59.3%
Iyunna
57.7%
Fotini
56.1%
Firdaus
55.6%
Firdaws
55.1%
Gitzel
52.9%
Gatsby
52.9%
Ivyona
52.7%
Ivoree
51.3%
Happy
51.3%
Gitel
51.1%
Geeta
50.5%
Ford
50.5%
Iri
50%
Fabiha
49.2%
Indu
48.7%
Habon
48.4%
Humeyra
48.1%
Izora
44.1%
Evvie
44.1%
Faby
43.9%
Hau
43.6%
Iyinoluwa
43.1%
Hawi
42.6%
Exie
42.3%
Ibeth
40.4%
Evra
39.6%
Gouri
38.6%
Iksha
38%
Gold
38%
Inge
37.8%
Fikir
36.7%
Evvy
36.7%
Hibo
35.4%
Itzuri
31.4%
Hifza
31.4%
Eyra
31.4%
Exodus
28.7%
Huai
28.2%
Fuka
26.6%
Itzy
25.8%
Eymy
22.9%
Ijeoma
22.6%
Ilda
21.8%
Ikhlaas
20.5%
Ife
19.4%
Irsa
17.6%
Eztli
16.8%
Iqlas
12%
Izna
4%

You're not logged in!

Compare scores with friends on all Sporcle quizzes.
OR
Log In

Show Comments

Extras

Top Quizzes Today


Score Distribution

Your Account Isn't Verified!

In order to create a playlist on Sporcle, you need to verify the email address you used during registration. Go to your Sporcle Settings to finish the process.

Report this User

Report this user for behavior that violates our Community Guidelines.

Details: